[Event "Pojedinacno prvenstvo Centralne Srbije 2"]
[Site "Vrnjacka Banja"]
[Date "2014.03.18"]
[Round "3.7"]
[White "Cvetkovic, Srdjan"]
[Black "Nestorovic, Lazar"]
[Result "1/2-1/2"]
[WhiteElo "2332"]
[BlackElo "2381"]
[PlyCount "65"]
[EventDate "2014.03.17"]

1. c4 Nf6 2. Nc3 c5 3. Nf3 b6 4. e4 d6 5. g3 Bb7 6. d3 e6 7. Bg2 Be7 8. O-O O-O
9. h3 a6 10. g4 Nfd7 11. Ne1 Nc6 12. f4 Nd4 13. Be3 Rb8 14. a4 Bc6 15. Nc2 Nxc2
16. Qxc2 Re8 17. Rad1 Bf8 18. Qf2 Qc7 19. g5 b5 20. axb5 axb5 21. cxb5 Bxb5 22.
Nxb5 Rxb5 23. d4 cxd4 24. Bxd4 e5 25. fxe5 Nxe5 26. Bc3 g6 27. Qe2 Rc5 28. Rf2
Qe7 29. h4 Qe6 30. Rf6 Qb3 31. Rdf1 Rc7 32. Qd1 Qxd1 33. Rxd1 1/2-1/2

[Event "Pojedinacno prvenstvo Centralne Srbije 2"]
[Site "Vrnjacka Banja"]
[Date "2014.03.18"]
[Round "3.8"]
[White "Radusinovic, Lazar"]
[Black "Velickovic, Sasa"]
[Result "1/2-1/2"]
[WhiteElo "2313"]
[BlackElo "2377"]
[PlyCount "73"]
[EventDate "2014.03.17"]

1. d4 Nf6 2. Nf3 c5 3. g3 cxd4 4. Bg2 Nc6 5. Nxd4 Qb6 6. Nxc6 dxc6 7. O-O g6 8.
a4 Bg4 9. h3 Be6 10. b3 Bg7 11. a5 Qc7 12. Ra4 O-O 13. Bf4 Qc8 14. Kh2 Rd8 15.
Qc1 a6 16. e4 Nd7 17. Be3 Qc7 18. Qa3 Re8 19. Nd2 Rac8 20. f4 Bh6 21. Nf3 f6
22. Re1 Bf7 23. e5 Bd5 24. e6 Nf8 25. Bb6 Qb8 26. f5 c5 27. Rh4 Bg5 28. Nxg5
fxg5 29. Rg4 Bxg2 30. Kxg2 Qd6 31. Qc1 Qd5+ 32. Kg1 c4 33. fxg6 Nxg6 34. Bd4
Rf8 35. c3 Rf5 36. Qc2 Rcf8 37. Qe4 1/2-1/2

[Event "Pojedinacno prvenstvo Centralne Srbije 2"]
[Site "Vrnjacka Banja"]
[Date "2014.03.18"]
[Round "3.9"]
[White "Stojanovic, Andjelija"]
[Black "Markovic, Miroslav"]
[Result "0-1"]
[WhiteElo "2295"]
[BlackElo "2498"]
[PlyCount "68"]
[EventDate "2014.03.17"]

1. d4 Nf6 2. Bg5 c5 3. Bxf6 gxf6 4. d5 Qb6 5. Qc1 f5 6. c4 d6 7. Nc3 Nd7 8. e3
Bg7 9. Qd2 Ne5 10. Rc1 Bd7 11. Nh3 h5 12. Nf4 h4 13. h3 O-O-O 14. Be2 Rdg8 15.
O-O Kb8 16. Rb1 Ng6 17. a3 Nxf4 18. exf4 Qb3 19. Rfe1 Bf6 20. Qd3 Rg6 21. Bd1
Qb6 22. Bf3 Qa5 23. Re2 Rhg8 24. Nd1 Qc7 25. Ne3 e6 26. b4 Bc8 27. bxc5 dxc5
28. d6 Qd7 29. Nxf5 exf5 30. Qd5 Bd8 31. Reb2 Bb6 32. Rxb6 axb6 33. Rxb6 Rd8
34. Qxc5 Rxd6 0-1

[Event "Pojedinacno prvenstvo Centralne Srbije 2"]
[Site "Vrnjacka Banja"]
[Date "2014.03.18"]
[Round "3.10"]
[White "Vujacic, Borivoje"]
[Black "Ristic, Nenad"]
[Result "0-1"]
[WhiteElo "2287"]
[BlackElo "2431"]
[PlyCount "58"]
[EventDate "2014.03.17"]

1. e4 c5 2. Nf3 d6 3. d4 cxd4 4. Nxd4 Nf6 5. Nc3 g6 6. Be3 Bg7 7. f3 O-O 8. Qd2
Nc6 9. Bc4 Bd7 10. O-O-O Rc8 11. Bb3 Nxd4 12. Bxd4 b5 13. Bxa7 b4 14. Nd5 Nxd5
15. exd5 Qa5 16. Qe3 Ba4 17. Bd4 Bxd4 18. Rxd4 Rc5 19. Kb1 Ra8 20. Bxa4 Qxa4
21. Qb3 Qa5 22. Rhd1 Rb8 23. h4 Rbb5 24. Qd3 Rc3 25. Qe2 Rb8 26. Qe4 Ra3 27.
bxa3 bxa3+ 28. Kc1 Qc3 29. Rc4 Rb1+ 0-1

[Event "Pojedinacno prvenstvo Centralne Srbije 2"]
[Site "Vrnjacka Banja"]
[Date "2014.03.18"]
[Round "3.11"]
[White "Bojkovic, Natasa"]
[Black "Rajkovic, Dusan"]
[Result "1-0"]
[WhiteElo "2411"]
[BlackElo "2369"]
[PlyCount "55"]
[EventDate "2014.03.17"]

1. e4 c5 2. Nf3 Nc6 3. Bb5 g6 4. O-O Bg7 5. Re1 e5 6. b4 cxb4 7. a3 Nge7 8.
axb4 O-O 9. Bxc6 dxc6 10. d3 h6 11. Bb2 Qc7 12. Nbd2 Rd8 13. Ra3 a6 14. Qa1 f6
15. d4 exd4 16. Bxd4 Rf8 17. e5 fxe5 18. Bxe5 Bxe5 19. Nxe5 Kh7 20. c4 Ng8 21.
c5 Bd7 22. Nxg6 Rf6 23. Ne7 Rf7 24. Qb1+ Kh8 25. Ng6+ Kh7 26. Nh4+ Kh8 27. Rg3
a5 28. Ng6+ 1-0

[Event "Pojedinacno prvenstvo Centralne Srbije 2"]
[Site "Vrnjacka Banja"]
[Date "2014.03.18"]
[Round "3.12"]
[White "Rabrenovic, Vladan"]
[Black "Dudukovic, Nikola"]
[Result "1-0"]
[WhiteElo "2392"]
[BlackElo "2364"]
[PlyCount "95"]
[EventDate "2014.03.17"]

1. d4 Nf6 2. c4 c5 3. d5 e6 4. Nc3 exd5 5. cxd5 d6 6. Nf3 g6 7. Bg5 Bg7 8. Nd2
h6 9. Bh4 g5 10. Bg3 Nh5 11. e3 Nxg3 12. hxg3 O-O 13. Qc2 Na6 14. Nc4 Nc7 15.
a4 f5 16. f4 Na6 17. Be2 Nb4 18. Qd2 Qe7 19. O-O-O g4 20. e4 fxe4 21. Rde1 Re8
22. Ne3 Qf7 23. Rh4 Nd3+ 24. Bxd3 exd3 25. Qxd3 Bd7 26. Reh1 c4 27. Nxc4 Bf5
28. Qd2 Qg6 29. Ne3 Rac8 30. Rh5 Rf8 31. Nxf5 Rxf5 32. Qd3 Qxh5 33. Rxh5 Rxh5
34. Qg6 Rh1+ 35. Kd2 Kh8 36. Qe6 Rf8 37. Ne4 Rg1 38. f5 Rf1 39. Nxd6 Rf6 40.
Qe7 Kg8 41. Ke2 Rg1 42. Ne4 Rb6 43. b4 Rxg2+ 44. Ke3 Rb2 45. b5 Rb3+ 46. Kd2
Rf3 47. a5 Bf8 48. Qe8 1-0

[Event "Pojedinacno prvenstvo Centralne Srbije 2"]
[Site "Vrnjacka Banja"]
[Date "2014.03.18"]
[Round "3.13"]
[White "Colovic, Dusan"]
[Black "Zivkovic, Nemanja"]
[Result "1-0"]
[WhiteElo "2380"]
[BlackElo "2290"]
[PlyCount "67"]
[EventDate "2014.03.17"]

1. e4 c5 2. Nf3 d6 3. g3 Nf6 4. d3 Nc6 5. Bg2 g6 6. O-O Bg7 7. c3 O-O 8. a3 Bg4
9. h3 Bxf3 10. Qxf3 Nd7 11. Nd2 b5 12. Qe2 Qb6 13. Kh2 a5 14. f4 Rab8 15. Nf3
b4 16. axb4 axb4 17. c4 Nd4 18. Nxd4 cxd4 19. b3 Qc7 20. Qc2 e5 21. Bd2 Nc5 22.
f5 Qe7 23. h4 Bf6 24. Bh3 Kh8 25. Ra5 Rb7 26. fxg6 fxg6 27. Rb5 Rfb8 28. Bxb4
Kg7 29. Bd2 Rxb5 30. cxb5 Rxb5 31. b4 Ne6 32. Qc4 Nc7 33. Rxf6 Qxf6 34. Qxc7+
1-0

[Event "Pojedinacno prvenstvo Centralne Srbije 2"]
[Site "Vrnjacka Banja"]
[Date "2014.03.18"]
[Round "3.14"]
[White "Milenkovic, Mladen"]
[Black "Jovanovic, Bojan P"]
[Result "1/2-1/2"]
[WhiteElo "2373"]
[BlackElo "2254"]
[PlyCount "34"]
[EventDate "2014.03.17"]

1. c4 e6 2. d4 d5 3. Nf3 Nf6 4. g3 dxc4 5. Qa4+ Nbd7 6. Bg2 a6 7. Qxc4 b5 8.
Qc2 Bb7 9. O-O c5 10. e3 Rc8 11. Qe2 Be7 12. Nbd2 Qb6 13. dxc5 Nxc5 14. b3 Nce4
15. Nxe4 Bxe4 16. Rd1 Bb4 17. Ne1 Bxg2 1/2-1/2

[Event "Pojedinacno prvenstvo Centralne Srbije 2"]
[Site "Vrnjacka Banja"]
[Date "2014.03.18"]
[Round "3.15"]
[White "Gavrilovic, Leonardo"]
[Black "Pavlovic, Goran"]
[Result "0-1"]
[WhiteElo "2255"]
[BlackElo "2372"]
[PlyCount "84"]
[EventDate "2014.03.17"]

1. e4 c5 2. Nf3 e6 3. d4 cxd4 4. Nxd4 Nc6 5. Nc3 a6 6. Be2 Qc7 7. O-O Nf6 8.
Bg5 Bd6 9. g3 Nxd4 10. Qxd4 Be5 11. Qd3 b5 12. Bf3 Bb7 13. Nd1 O-O 14. c3 Rfd8
15. Ne3 h6 16. Bxf6 Bxf6 17. Rfd1 Bc6 18. Bg2 Qb6 19. Rd2 Be7 20. Re1 Bf8 21.
h4 a5 22. Kh2 Rac8 23. Kg1 Bc5 24. Nc2 d5 25. e5 b4 26. cxb4 axb4 27. Nd4 Bd7
28. g4 Ra8 29. g5 hxg5 30. Nf3 Bb5 31. Qb1 gxh4 32. Nxh4 Qa7 33. Rc1 Be7 34.
Nf3 Qxa2 35. Qc2 Qa6 36. Qd1 Rac8 37. Ra1 Qb6 38. Nh2 Bg5 39. Rd4 Be2 40. Rxb4
Qxb4 41. Qxe2 Rc1+ 42. Rxc1 Bxc1 0-1

[Event "Pojedinacno prvenstvo Centralne Srbije 2"]
[Site "Vrnjacka Banja"]
[Date "2014.03.18"]
[Round "3.16"]
[White "Zajic, Milan"]
[Black "Djosic, Slavoljub"]
[Result "1-0"]
[WhiteElo "2370"]
[BlackElo "2252"]
[PlyCount "49"]
[EventDate "2014.03.17"]

1. e4 e5 2. Nf3 d6 3. d4 Nd7 4. Bc4 c6 5. O-O Be7 6. Nc3 Ngf6 7. a4 O-O 8. Re1
b6 9. Ba2 a6 10. h3 Bb7 11. dxe5 dxe5 12. Nh4 g6 13. Bh6 Re8 14. Qf3 Bf8 15.
Bg5 Be7 16. Rad1 Kg7 17. Bxf6+ Bxf6 18. Qg4 Bc8 19. Nf5+ Kf8 20. Nd6 Re7 21.
Qf3 Kg7 22. Qg3 Kf8 23. Re3 Bg7 24. Qh4 Qc7 25. Rf3 1-0

[Event "Pojedinacno prvenstvo Centralne Srbije 2"]
[Site "Vrnjacka Banja"]
[Date "2014.03.18"]
[Round "3.17"]
[White "Sorgic, Dragan"]
[Black "Petrovic, Zoran Z"]
[Result "0-1"]
[WhiteElo "2244"]
[BlackElo "2056"]
[PlyCount "70"]
[EventDate "2014.03.17"]

1. e4 c5 2. Nf3 Nc6 3. d4 cxd4 4. Nxd4 e5 5. Nb5 d6 6. a4 Nf6 7. N1c3 a6 8. Na3
Bg4 9. f3 Be6 10. Bc4 Qb6 11. Nd5 Bxd5 12. exd5 Ne7 13. Qd3 Nexd5 14. c3 Ne7
15. Be3 Qc7 16. O-O d5 17. Bb3 g6 18. a5 Qxa5 19. c4 d4 20. c5 Nc6 21. Qc4 Nd8
22. Nb5 axb5 23. Rxa5 bxc4 24. Ba4+ Ke7 25. Rxa8 dxe3 26. Rc1 Nd5 27. Rd1 e2
28. Re1 Ke6 29. Rxe2 Bxc5+ 30. Kh1 Nb6 31. Ra5 Nxa4 32. Rxa4 Nc6 33. Rxc4 b6
34. f4 Rb8 35. g3 Bd4 0-1

[Event "Pojedinacno prvenstvo Centralne Srbije 2"]
[Site "Vrnjacka Banja"]
[Date "2014.03.18"]
[Round "3.18"]
[White "Tosic, Dragoljub"]
[Black "Ilic, Zoran S"]
[Result "0-1"]
[WhiteElo "1966"]
[BlackElo "2297"]
[PlyCount "68"]
[EventDate "2014.03.17"]

1. Nf3 Nf6 2. c4 g6 3. d4 Bg7 4. Nc3 O-O 5. g3 d6 6. Bg2 Nbd7 7. O-O e5 8. h3
c6 9. a4 a5 10. Qc2 Re8 11. Rd1 Qc7 12. Bd2 h6 13. Be1 e4 14. Nd2 e3 15. Nf1
exf2+ 16. Bxf2 Nf8 17. Rac1 N8h7 18. e4 Ng5 19. g4 Bd7 20. Bg3 c5 21. e5 dxe5
22. dxe5 Rxe5 23. Nd5 Nxd5 24. cxd5 Qb6 25. Bxe5 Bxe5 26. Qxc5 Qxc5+ 27. Rxc5
Bxa4 28. Rd2 Bd6 29. Rc4 Bb5 30. Rcc2 Re8 31. b3 Kg7 32. Rd1 a4 33. b4 a3 34.
Rc5 Bd7 {...} 0-1

[Event "Pojedinacno prvenstvo Centralne Srbije 2"]
[Site "Vrnjacka Banja"]
[Date "2014.03.18"]
[Round "3.19"]
[White "Ristic, Dejan D"]
[Black "Stanojevic, Branko"]
[Result "1/2-1/2"]
[WhiteElo "1770"]
[BlackElo "2271"]
[PlyCount "95"]
[EventDate "2014.03.17"]

1. c4 Nf6 2. Nf3 g6 3. Nc3 Bg7 4. g3 O-O 5. Bg2 d6 6. d4 c6 7. O-O Qa5 8. e4 e5
9. d5 cxd5 10. cxd5 Bd7 11. h3 b5 12. Nd2 b4 13. Nb3 Qc7 14. Ne2 a5 15. Bd2 a4
16. Rc1 Qb7 17. Na1 Na6 18. Nc2 b3 19. axb3 axb3 20. Na3 Nc5 21. Rc4 Ra4 22.
Nc3 Rxc4 23. Nxc4 Qa6 24. Na3 Rb8 25. Be3 Na4 26. Qd2 Ne8 27. Rc1 Nxc3 28. Qxc3
Qa4 29. Qc4 Rb4 30. Qe2 f5 31. f3 Nf6 32. Bd2 Rd4 33. Bc3 fxe4 34. Bxd4 Qxd4+
35. Kh2 exf3 36. Bxf3 e4 37. Bg2 Nh5 38. Rc3 Be5 39. Rxb3 e3 40. Rxe3 Nxg3 41.
Rxg3 h5 42. Qc4 h4 43. Qxd4 hxg3+ 44. Kh1 Bxd4 45. Nc4 Bc5 46. Nd2 Bf5 47. Ne4
Bxe4 48. Bxe4 1/2-1/2

[Event "Pojedinacno prvenstvo Centralne Srbije 2"]
[Site "Vrnjacka Banja"]
[Date "2014.03.18"]
[Round "3.20"]
[White "Todorovic, Kosta"]
[Black "Radosavljevic, Slobodan D"]
[Result "0-1"]
[WhiteElo "1929"]
[BlackElo "2227"]
[PlyCount "70"]
[EventDate "2014.03.17"]

1. e4 c5 2. Nc3 g6 3. g3 Bg7 4. Bg2 Nc6 5. Nge2 d6 6. O-O Rb8 7. d3 b5 8. f4 b4
9. Nd5 Bg4 10. Ne3 Bxe2 11. Qxe2 Nd4 12. Qf2 Nf6 13. a3 a5 14. axb4 axb4 15. e5
Nd7 16. exd6 exd6 17. Nc4 O-O 18. Nxd6 Nf6 19. Ne4 Ng4 20. Qd2 Ne3 21. Qxe3
Nxc2 22. Qf3 Nxa1 23. f5 Nb3 24. f6 Bh8 25. Bh6 Re8 26. Ng5 Re5 27. g4 Nd2 28.
Qg3 Rxg5 29. Bxg5 Nxf1 30. Bxf1 Rb6 31. Bf4 Qxf6 32. h4 Qxb2 33. Bc7 Bd4+ 34.
Kh1 Ra6 35. Bg2 Qf2 0-1

[Event "Pojedinacno prvenstvo Centralne Srbije 2"]
[Site "Vrnjacka Banja"]
[Date "2014.03.18"]
[Round "3.21"]
[White "Bura, Goran"]
[Black "Miladinovic, Lena"]
[Result "1-0"]
[WhiteElo "2222"]
[BlackElo "2095"]
[PlyCount "99"]
[EventDate "2014.03.17"]

1. e4 c5 2. Nf3 Nc6 3. c3 e6 4. Bd3 d5 5. e5 g6 6. O-O Bg7 7. Re1 Nge7 8. Bf1
Nf5 9. Na3 Nh4 10. Nxh4 Qxh4 11. g3 Qe7 12. d4 a6 13. Nc2 O-O 14. f4 cxd4 15.
cxd4 Qc7 16. b3 Bd7 17. Ba3 Rfc8 18. Bd6 Qd8 19. b4 Bf8 20. Bxf8 Qxf8 21. a3
Rc7 22. Ne3 Na7 23. Ng4 Bb5 24. Nf6+ Kh8 25. Qd2 Rac8 26. Rac1 Bc4 27. g4 Bxf1
28. Rxc7 Rxc7 29. Rxf1 Qc8 {...} 30. f5 Kg7 31. fxg6 hxg6 32. Qg5 Nb5 33. Qf4
Nc3 34. Qf3 Ne4 35. Nxe4 dxe4 36. Qxe4 Rc1 37. Qe3 Rxf1+ 38. Kxf1 Qc2 39. h3
Qd1+ 40. Kg2 Qc2+ 41. Kg3 Qd1 42. Kh4 Qf1 43. Kg5 Qb5 44. Qf4 Qd3 45. h4 Qe2
46. Qf6+ Kf8 47. Kh6 Qe3+ 48. g5 Qxd4 49. h5 Qe3 50. Qh8+ 1-0

[Event "Pojedinacno prvenstvo Centralne Srbije 2"]
[Site "Vrnjacka Banja"]
[Date "2014.03.18"]
[Round "3.22"]
[White "Pantovic, Dragan M"]
[Black "Zajic, Milun"]
[Result "1-0"]
[WhiteElo "2132"]
[BlackElo "1954"]
[PlyCount "87"]
[EventDate "2014.03.17"]

1. Nf3 Nf6 2. c4 g6 3. g3 Bg7 4. Bg2 O-O 5. d4 d6 6. O-O c6 7. Nc3 Nbd7 8. e4
e5 9. Rb1 a5 10. b3 Qc7 11. h3 Re8 12. Be3 b6 13. Re1 Ba6 14. Rc1 Rad8 15. d5
c5 16. Rf1 Rf8 17. Ne1 Kh8 18. Nd3 Ng8 19. Qd2 Rde8 20. Rce1 Ne7 21. f4 exf4
22. Bxf4 Nc8 23. Bh6 Na7 24. a4 Bc8 25. Nd1 Ne5 26. Nxe5 Rxe5 27. Bxg7+ Kxg7
28. Nf2 f6 29. Nd3 Re7 30. Nf4 Bd7 31. Bf3 g5 32. Nh5+ Kh8 33. g4 Nc8 34. Bg2
Ref7 35. Qc3 Qd8 36. Rxf6 Rxf6 37. Rf1 Be8 38. Nxf6 Rxf6 39. Rxf6 Kg8 40. e5
dxe5 41. Qxe5 Bg6 42. Qxg5 Qe7 43. Rxg6+ hxg6 44. Qxe7 1-0

[Event "Pojedinacno prvenstvo Centralne Srbije 2"]
[Site "Vrnjacka Banja"]
[Date "2014.03.18"]
[Round "3.23"]
[White "Colovic, Zoran"]
[Black "Gagic, Miroljub"]
[Result "1/2-1/2"]
[WhiteElo "2102"]
[BlackElo "1865"]
[PlyCount "55"]
[EventDate "2014.03.17"]

1. e4 e5 2. Nf3 Qe7 3. Bc4 d6 4. Nc3 c6 5. O-O Bg4 6. h3 Bh5 7. d3 h6 8. g4 Bg6
9. Bd2 Nd7 10. a4 Bh7 11. b4 g6 12. a5 a6 13. Ne2 f5 14. g5 O-O-O 15. Kg2 hxg5
16. Bxg5 Ngf6 17. Nc3 Bg8 18. Qe2 Qh7 19. Rh1 Nh5 20. Qe3 Be7 21. Qa7 Nb8 22.
Na4 Bxg5 23. Nb6+ Kc7 24. Nxg5 Nf4+ 25. Kf1 Qh5 26. Na8+ Kc8 27. Nb6+ Kc7 28.
Na8+ 1/2-1/2

[Event "Pojedinacno prvenstvo Centralne Srbije 2"]
[Site "Vrnjacka Banja"]
[Date "2014.03.18"]
[Round "3.24"]
[White "Stojanovic, Zlatko"]
[Black "Ratkovic, Petar"]
[Result "1-0"]
[WhiteElo "2253"]
[BlackElo "1783"]
[PlyCount "171"]
[EventDate "2014.03.17"]

1. e4 c6 2. Nc3 d5 3. Nf3 Bg4 4. Be2 e6 5. O-O Nf6 6. Ne5 Bxe2 7. Qxe2 Nbd7 8.
Nxd7 Qxd7 9. d3 d4 10. Nd1 e5 11. f4 Bd6 12. fxe5 Bxe5 13. Bf4 Qg4 14. Qd2 Bxf4
15. Rxf4 Qe6 16. a4 c5 17. b3 O-O 18. Nb2 Nd7 19. Nc4 Ne5 20. Nxe5 Qxe5 21. Rf5
Qe7 22. Raf1 Rac8 23. R1f3 Rc6 24. Qf2 b6 25. g4 Rh6 26. Qg3 Qh4 27. Qf4 f6 28.
h3 Rg6 29. Qd6 Rg5 30. Qd5+ Rf7 31. Kg2 Rxf5 32. Rxf5 g6 33. Rf3 Qg5 34. Qd6
Kg7 35. Qf4 Qxf4 36. Rxf4 a6 37. Rf1 Rc7 38. Ra1 Kf7 39. Kf3 Ke6 40. Kf4 h6 41.
h4 Rf7 42. Rg1 g5+ 43. Kg3 Rc7 44. Rf1 b5 45. axb5 axb5 46. Ra1 c4 47. bxc4
bxc4 48. Ra6+ Ke5 49. Ra5+ Ke6 50. Rd5 cxd3 51. cxd3 Rd7 52. Ra5 Rc7 53. Rd5
Rd7 54. Rc5 Rb7 55. hxg5 hxg5 56. Rc4 Ke5 57. Rc8 Rd7 58. Re8+ Kd6 59. Kf3 Re7
60. Ra8 Rc7 61. Ra4 Ke5 62. Ra5+ Ke6 63. Ra4 Ke5 64. Ra5+ Ke6 65. e5 Rc1 66.
exf6 Kxf6 67. Ra6+ Ke5 68. Rg6 Rf1+ 69. Ke2 Rf4 70. Rxg5+ Kf6 71. Rg8 Kf7 72.
Rh8 Kg7 73. Rd8 Kg6 74. Rd5 Rxg4 75. Kf3 Rh4 76. Kg3 Rh1 77. Rxd4 Kf5 78. Kf3
Rh3+ 79. Ke2 Ke5 80. Rd8 Ke6 81. Kd2 Ke7 82. Rd4 Ke6 83. Kc3 Rh5 84. Kc4 Rf5
85. Rd8 Ke7 86. Rd5 1-0

[Event "Pojedinacno prvenstvo Centralne Srbije 2"]
[Site "Vrnjacka Banja"]
[Date "2014.03.18"]
[Round "3.25"]
[White "Gajic, Sladjan"]
[Black "Zivkovic, Marko"]
[Result "0-1"]
[WhiteElo "2066"]
[BlackElo "2192"]
[PlyCount "116"]
[EventDate "2014.03.17"]

1. e4 c6 2. d4 d5 3. Nc3 dxe4 4. Nxe4 Bf5 5. Ng3 Bg6 6. h4 h6 7. Nh3 Nf6 8. Nf4
Bh7 9. Bc4 e6 10. O-O Bd6 11. Re1 O-O 12. c3 Nd5 13. Qg4 Nf6 14. Qf3 Nbd7 15.
Nfh5 Nxh5 16. Qxh5 Be7 17. Qg4 Nf6 18. Qf3 Nd5 19. Qg4 Nf6 20. Qf3 b5 21. Bb3
Nd5 22. Qg4 Nf6 23. Qf3 Rc8 24. a4 b4 25. a5 c5 26. Be3 c4 27. Ba4 bxc3 28.
bxc3 Nd5 29. Bd2 Bxh4 30. Qg4 Kh8 31. Kh2 Bg5 32. f4 f5 33. Qf3 Bxf4 34. Bxf4
Qh4+ 35. Kg1 Qxf4 36. Qxf4 Nxf4 37. Bd7 Rb8 38. Bxe6 Rb2 39. Kf1 Rxg2 40. Nh5
Rg4 41. Nxf4 Rxf4+ 42. Ke2 Re8 43. d5 Bg8 44. Kd2 Bxe6 45. Rxe6 Rxe6 46. dxe6
Re4 47. Rb1 Rxe6 48. Rb7 h5 49. Rxa7 h4 50. Rb7 h3 51. Rb6 h2 52. Rb1 Re5 53.
Rh1 Rxa5 54. Rxh2+ Kg8 55. Ke3 Rd5 56. Kf4 Rd3 57. Kxf5 Rxc3 58. Ke4 Kf7 0-1

[Event "Pojedinacno prvenstvo Centralne Srbije 2"]
[Site "Vrnjacka Banja"]
[Date "2014.03.18"]
[Round "3.26"]
[White "Dabizljevic, Radun"]
[Black "Jokic, Miodrag"]
[Result "0-1"]
[WhiteElo "1834"]
[BlackElo "2103"]
[PlyCount "70"]
[EventDate "2014.03.17"]

1. e4 d6 2. Bc4 Nf6 3. Nc3 c6 4. d4 b5 5. Bd3 e5 6. d5 b4 7. Nce2 cxd5 8. exd5
Qa5 9. c4 bxc3 10. Nxc3 Nbd7 11. Bd2 Be7 12. Nb5 Qd8 13. Rc1 O-O 14. Bb4 Nb6
15. Ba5 Bb7 16. Bc4 Qd7 17. Bxb6 axb6 18. Nc3 Rac8 19. Qb3 Qg4 20. Bf1 Bxd5 21.
Qd1 Qb4 22. Qd2 Bb7 23. h3 d5 24. a3 Qa5 25. Bd3 e4 26. Bc2 Rce8 27. Ba4 Rc8
28. Bc2 b5 29. Nge2 b4 30. axb4 Qxb4 31. O-O e3 32. Qd1 Rfd8 33. Kh1 d4 34. Ne4
Nxe4 35. Bxe4 Bxe4 {...} 0-1

[Event "Pojedinacno prvenstvo centralne Srbije"]
[Site "www.sah-centralnasrbija.com"]
[Date "2014.03.18"]
[Round "3"]
[White "Sedlak Nikola"]
[Black "Antic Dejan"]
[Result "1-0"]
[WhiteElo "2562"]
[BlackElo "2462"]
[PlyCount "47"]
[EventDate "2014.??.??"]

1. d4 Nf6 2. c4 g6 3. Nc3 Bg7 4. e4 d6 5. Nf3 O-O 6. Be2 c5 7. O-O Nc6 8. d5
Na5 9. Bf4 Nh5 10. Bd2 e6 11. Ne1 Nf6 12. Nc2 a6 13. Ne3 Re8 14. Qc2 Bd7 15. a4
b6 16. Rac1 e5 17. Kh1 h5 18. g3 Bh3 19. Rg1 Qd7 20. f3 Bh6 21. Ncd1 Kg7 22.
Nf2 Rh8 23. Nxh3 Qxh3 24. Nf5+ 1-0

[Event "Pojedinacno prvenstvo centralne Srbije"]
[Site "www.sah-centralnasrbija.com"]
[Date "2014.03.18"]
[Round "3"]
[White "Milanovic, Danilo"]
[Black "Savicevic , Vlatko"]
[Result "0-1"]
[WhiteElo "2506"]
[BlackElo "2330"]
[PlyCount "90"]
[EventDate "2014.??.??"]

1. d4 d5 2. c4 e6 3. Nc3 Be7 4. cxd5 exd5 5. Bf4 c6 6. e3 Bd6 7. Bg3 Ne7 8. Bd3
Bf5 9. Nge2 O-O 10. Qc2 Bxd3 11. Qxd3 Na6 12. O-O Re8 13. a3 Nc7 14. b4 a6 15.
Nc1 Nc8 16. Nb3 Bxg3 17. hxg3 Nd6 18. a4 Qg5 19. Nc5 Rab8 20. Rfe1 Qg4 21. Qe2
Qg6 22. Rec1 Re7 23. Qc2 Qh6 24. Ne2 Na8 25. Nc3 Nc7 26. Qd1 Rbe8 27. Qf3 Qg6
28. Rd1 h6 29. Rac1 Na8 30. b5 axb5 31. axb5 Nb6 32. bxc6 bxc6 33. Ne2 Nbc4 34.
Nf4 Qg5 35. Rc3 Ra7 36. Qh5 Qe7 37. Rb3 Ra2 38. Qg4 Rea8 39. Rdb1 Kh7 40. Rb8
Rxb8 41. Rxb8 Ra1+ 42. Kh2 Nd2 43. Qd7 Nf1+ 44. Kh3 Nxe3 45. fxe3 Qg5 0-1

[Event "Pojedinacno prvenstvo centralne Srbije"]
[Site "www.sah-centralnasrbija.com"]
[Date "2014.03.18"]
[Round "3"]
[White "Pikula , Dejan"]
[Black "Jovic , Stanoje"]
[Result "1-0"]
[WhiteElo "2499"]
[BlackElo "2304"]
[PlyCount "119"]
[EventDate "2014.??.??"]

1. e4 c6 2. d4 d5 3. e5 c5 4. dxc5 e6 5. Nf3 Bxc5 6. Bd3 Ne7 7. a3 Ng6 8. O-O
Nc6 9. Re1 O-O 10. b4 Bb6 11. Bb2 Bd7 12. Nbd2 Rc8 13. g3 a6 14. h4 f6 15. exf6
gxf6 16. c4 Nce5 17. Nxe5 fxe5 18. c5 Qf6 19. Qe2 Bc7 20. h5 Nf4 21. gxf4 Qxf4
22. Qe3 e4 23. Qxf4 Bxf4 24. Nxe4 dxe4 25. Bxe4 Kf7 26. Bxh7 Rg8+ 27. Bg6+
Rxg6+ 28. hxg6+ Kxg6 29. Rad1 Rc7 30. Be5 Bxe5 31. Rxe5 Kf6 32. Rde1 Rc8 33.
R5e3 Rh8 34. f3 Re8 35. Rd1 Bc6 36. Rd4 Bd5 37. Kf2 Rh8 38. Kg3 Rh1 39. Rh4 Rc1
40. Rh6+ Kf5 41. Rh5+ Kf6 42. Rd3 Bc6 43. Rh6+ Kf5 44. Rd8 Rg1+ 45. Kf2 Ra1 46.
Rf8+ Ke5 47. Rh5+ Kd4 48. Rf4+ Kd3 49. Re5 Ra2+ 50. Kg3 Bd5 51. Rf6 Rxa3 52.
Rexe6 Bxe6 53. Rxe6 a5 54. Rb6 axb4 55. Rxb4 Ra5 56. Rxb7 Rxc5 57. f4 Rc8 58.
Kf3 Kd4 59. Rd7+ Kc5 60. f5 1-0

[Event "Pojedinacno prvenstvo centralne Srbije"]
[Site "www.sah-centralnasrbija.com"]
[Date "2014.03.18"]
[Round "3"]
[White "Abramovic Bosko"]
[Black "Andrijevic Milan"]
[Result "1-0"]
[WhiteElo "2437"]
[BlackElo "2333"]
[PlyCount "115"]
[EventDate "2014.??.??"]

1. c4 e6 2. Nf3 Nf6 3. d4 d5 4. Nc3 c5 5. cxd5 Nxd5 6. e4 Nxc3 7. bxc3 cxd4 8.
cxd4 Bb4+ 9. Bd2 Bxd2+ 10. Qxd2 O-O 11. Bc4 Nc6 12. O-O b6 13. Rfe1 Bb7 14.
Rad1 Na5 15. Bd3 Qe7 16. Qf4 f6 17. h4 Rac8 18. h5 Kh8 19. Nh4 Qf7 20. Qg4 Rfd8
21. d5 e5 22. Rc1 Rc7 23. Bb5 Bc8 24. Qf3 Nb7 25. Ba6 Nd6 26. Bxc8 Rdxc8 27.
Rxc7 Rxc7 28. Nf5 Nxf5 29. Qxf5 Qd7 30. Qxd7 Rxd7 31. Rc1 Kg8 32. g3 h6 33. Kg2
Kf7 34. f4 exf4 35. gxf4 f5 36. Kf3 Ke7 37. Rc6 Kd8 38. d6 fxe4+ 39. Kxe4 Rb7
40. Ke5 b5 41. Ke6 b4 42. Ra6 Ke8 43. Ra5 Kd8 44. f5 Ke8 45. Rc5 Kd8 46. Rc2
Rd7 47. Rg2 Kc8 48. Rg1 a5 49. Rg4 Rd8 50. Rxg7 a4 51. Rc7+ Kb8 52. Rc4 b3 53.
Rxa4 Re8+ 54. Kd7 Rf8 55. Rb4+ Ka7 56. Rxb3 Rxf5 57. Ke6 Rf2 58. Rd3 1-0

[Event "Pojedinacno prvenstvo centralne Srbije"]
[Site "www.sah-centralnasrbija.com"]
[Date "2014.03.18"]
[Round "3"]
[White "Ratkovic Miloje"]
[Black "Cabrilo Goran"]
[Result "0-1"]
[WhiteElo "2358"]
[BlackElo "2406"]
[PlyCount "62"]
[EventDate "2014.??.??"]

1. d4 Nf6 2. Nf3 e6 3. e3 b6 4. Bd3 Bb7 5. O-O c5 6. b3 g6 7. dxc5 bxc5 8. Bb2
Bg7 9. Nbd2 O-O 10. Qe2 Qc7 11. c4 d6 12. Rad1 Nbd7 13. Rfe1 Rfd8 14. Nf1 a5
15. a4 Rab8 16. N3d2 Bc6 17. Ba1 d5 18. cxd5 exd5 19. Rc1 Re8 20. Qd1 Qb7 21.
Ng3 h5 22. h4 Re7 23. Qc2 Rbe8 24. Bxg6 fxg6 25. Qxg6 d4 26. Nf5 Ne5 27. Nxe7+
Qxe7 28. Qf5 Nfg4 29. exd4 Qxh4 30. Nf1 Nf3+ 31. Qxf3 Rxe1 0-1

[Event "Pojedinacno prvenstvo centralne Srbije"]
[Site "www.sah-centralnasrbija.com"]
[Date "2014.03.18"]
[Round "3"]
[White "Maksimovic Branimir"]
[Black "Lajthajm Borko"]
[Result "0-1"]
[WhiteElo "2364"]
[BlackElo "2525"]
[PlyCount "72"]
[EventDate "2014.??.??"]

1. d4 Nf6 2. c4 e6 3. Nc3 Bb4 4. e3 b6 5. Nge2 O-O 6. a3 Bxc3+ 7. Nxc3 d5 8. b3
Bb7 9. Bb2 Nbd7 10. Nb1 a5 11. Nd2 c5 12. Nf3 cxd4 13. exd4 a4 14. Be2 axb3 15.
Qxb3 dxc4 16. Bxc4 Bd5 17. O-O Bxc4 18. Qxc4 Nd5 19. a4 Ra7 20. Ba3 Re8 21. Bd6
Qc8 22. Qb5 Ra5 23. Qb3 Qa8 24. Ra3 Rc8 25. Bb4 Nxb4 26. Qxb4 b5 27. d5 exd5
28. Qe7 Nf6 29. h3 Ra7 30. Qe5 Re8 31. Qb2 Rxa4 32. Rb3 Ra2 33. Qd4 Qc6 34. Ne5
Qc2 35. Rxb5 Qe2 36. Nd3 Rd2 0-1